000 00331nam a2200121 i 4500
001 bg
245 0 _aPrace Ośrodka Poznańskiego w zakresie metodyki badań trwałości i zużycia ostrzy skrawających.
260 _aPoznań,
_c1968.
040 _cBPK
041 _apol
942 _cKS
008 s pl f |000 0 pol
999 _c26068
_d26068
856 _uhttp://koha.tu.koszalin.pl/cgi-bin/koha/opac-detail.pl?biblionumber=26068
_yKatalog online BPK